Diploma Thesis Open Access
Freund, Benedikt
<?xml version='1.0' encoding='UTF-8'?>
<record xmlns="http://www.loc.gov/MARC21/slim">
<leader>00000nam##2200000uu#4500</leader>
<datafield tag="520" ind1=" " ind2=" ">
<subfield code="a"><p>No description available (migrated from EKP Invenio record 48305)</p></subfield>
</datafield>
<datafield tag="980" ind1=" " ind2=" ">
<subfield code="a">thesis</subfield>
<subfield code="b">diploma-thesis</subfield>
</datafield>
<datafield tag="856" ind1="4" ind2=" ">
<subfield code="s">10130290</subfield>
<subfield code="u">https://publish.etp.kit.edu/record/20970/files/0_EKP-2013-00046.pdf</subfield>
<subfield code="z">md5:4a8b841ff927c7bd27ba308ddd9eed38</subfield>
</datafield>
<datafield tag="100" ind1=" " ind2=" ">
<subfield code="a">Freund, Benedikt</subfield>
<subfield code="u">KIT/ IEKP</subfield>
</datafield>
<datafield tag="980" ind1=" " ind2=" ">
<subfield code="a">user-cms</subfield>
</datafield>
<datafield tag="980" ind1=" " ind2=" ">
<subfield code="a">user-etp</subfield>
</datafield>
<controlfield tag="005">20200109154224.0</controlfield>
<controlfield tag="001">20970</controlfield>
<datafield tag="909" ind1="C" ind2="O">
<subfield code="o">oai:publish.etp.kit.edu:20970</subfield>
<subfield code="p">user-cms</subfield>
<subfield code="p">user-etp</subfield>
</datafield>
<datafield tag="542" ind1=" " ind2=" ">
<subfield code="l">open</subfield>
</datafield>
<datafield tag="245" ind1=" " ind2=" ">
<subfield code="a">Calibration of the digital readout chip of the CMS Pixel Detector - Phase I Upgrade</subfield>
</datafield>
<datafield tag="260" ind1=" " ind2=" ">
<subfield code="c">2013-09-30</subfield>
</datafield>
<datafield tag="700" ind1=" " ind2=" ">
<subfield code="a">Husemann, Ulrich</subfield>
<subfield code="u">KIT/ IEKP</subfield>
<subfield code="4">ths</subfield>
</datafield>
<datafield tag="700" ind1=" " ind2=" ">
<subfield code="a">Weber, Marc</subfield>
<subfield code="u">KIT/ IPE</subfield>
<subfield code="4">ths</subfield>
</datafield>
</record>